Essentials of Pharmacoeconomics (Record no. 6145)

MARC details
000 -LEADER
fixed length control field 00525nam a22001937a 4500
003 - CONTROL NUMBER IDENTIFIER
control field OSt
005 - DATE AND TIME OF LATEST TRANSACTION
control field 20181002180718.0
008 - FIXED-LENGTH DATA ELEMENTS--GENERAL INFORMATION
fixed length control field 181002b xxu||||| |||| 00| 0 eng d
020 ## - INTERNATIONAL STANDARD BOOK NUMBER
International Standard Book Number 9780781765442
040 ## - CATALOGING SOURCE
Transcribing agency DNLM
082 ## - DEWEY DECIMAL CLASSIFICATION NUMBER
Classification number QV736 R11e 2009
100 ## - MAIN ENTRY--PERSONAL NAME
Personal name Rascati, Karen L.
9 (RLIN) 12697
245 ## - TITLE STATEMENT
Title Essentials of Pharmacoeconomics
260 ## - PUBLICATION, DISTRIBUTION, ETC. (IMPRINT)
Place of publication, distribution, etc. Phaladelphia; Wolters kluwer, 2009
300 ## - PHYSICAL DESCRIPTION
Extent xiv,250p; ill: 26cm
504 ## - BIBLIOGRAPHY, ETC. NOTE
Bibliography, etc References, glossary, & included
650 ## - SUBJECT ADDED ENTRY--TOPICAL TERM
Topical term or geographic name as entry element Pharmacoeconomics
9 (RLIN) 12698
942 ## - ADDED ENTRY ELEMENTS (KOHA)
Source of classification or shelving scheme Other/Generic Classification Scheme
Koha item type Short Loan
Holdings
Withdrawn status Lost status Source of classification or shelving scheme Damaged status Not for loan Home library Current library Date acquired Source of acquisition Inventory number Total Checkouts Full call number Barcode Date last seen Koha item type
    Other/Generic Classification Scheme     Pharmacy Department Library Pharmacy Department Library 02/10/2018   11/0022   QV736 R11e 2009 2018-0349 02/10/2018 Short Loan
    Other/Generic Classification Scheme     Pharmacy Department Library Pharmacy Department Library 04/10/2018   11/0023   QV736 R11e 2009 2018-0365 04/10/2018 Short Loan